Vincitori Coppa delle Coppe UEFA - Statistics

Statistiche generali
  • Questo quiz è stato fatto 166 volte
  • Il punteggio medio è 25 su 39
Statistiche sulle risposte
Edizione Vincitori % Corretto
1983-1984 Juventus
95%
1978-1979 Barcellona
92%
1981-1982 Barcellona
92%
1988-1989 Barcellona
92%
1996-1997 Barcellona
92%
1967-1968 Milan
92%
1972-1973 Milan
92%
1970-1971 Chelsea
82%
1997-1998 Chelsea
82%
1998-1999 Lazio
82%
1990-1991 Manchester United
82%
1992-1993 Parma
79%
1986-1987 Ajax
78%
1966-1967 Bayern Monaco
78%
1993-1994 Arsenal
77%
1961-1962 Atlético Madrid
77%
1989-1990 Sampdoria
74%
1979-1980 Valencia
72%
1960-1961 Fiorentina
70%
1995-1996 Paris Saint-Germain
70%
1965-1966 Borussia Dortmund
66%
1962-1963 Tottenham
62%
1969-1970 Manchester City
61%
1975-1976 Anderlecht
58%
1977-1978 Anderlecht
58%
1976-1977 Amburgo
56%
1963-1964 Sporting Lisbona
49%
1971-1972 Rangers
46%
1974-1975 Dinamo Kiev
42%
1985-1986 Dinamo Kiev
42%
1964-1965 West Ham United
41%
1984-1985 Everton
40%
1991-1992 Werder Brema
34%
1982-1983 Aberdeen
30%
1980-1981 Dinamo Tbilisi
30%
1987-1988 Malines
29%
1973-1974 Magdeburgo
27%
1994-1995 Real Saragozza
26%
1968-1969 Slovan Bratislava
23%
Nessun quiz corrispondente trovato
Distribuzione punteggi
Percentuale di utenti per punteggio
Percentile per numero di risposta
I tuoi punteggi nel tempo
Non hai fatto questo quiz